=LDR 00000nam 2200000 4500 =001 INLIS000000000028480 =005 20201216084132 =035 ##$$a 0010-061300000028480 =008 201216################g##########0#ind## =041 ##$$a ind =082 ##$$a 320.097 3 =090 ##$$a 920, LEU d =100 1#$$a Leuchtenburg, William E =245 1#$$a Di bawah bayangan FDR : $b Dari Harry Truman sampai ke Ronald Reagan /$c William E. Leuchtenburg =260 ##$$a Jakarta :$b Pustaka Sinar Harapan,$c 1994 =300 ##$$a xiv, 353 hlm. ; $c 14 x 21 cm =650 #4$$a Amerika Serikat =850 ##$$a NBPNMAT =020 ##$$a 979-416-250-7 =084 ##$$a 320.097 3 LEU d =250 ##$$a cet.1 =990 ##$$a 92.864/Pb.96 =990 ##$$a 82.869/Pro.95